Statistics for Lowest Rated Countries

Click here to take the quiz!

General Stats

  • This quiz has been taken 21 times
  • The average score is 14 of 20

Answer Stats

AverageAnswer% Correct
0.226Yemen
95%
0.196Afghanistan
90%
0.160Somalia
90%
0.329Sudan
90%
0.336Central African Republic
85%
0.280Democratic Republic of the Congo
85%
0.334Iraq
85%
0.287South Sudan
85%
0.326Iran
80%
0.216North Korea
80%
0.168Syria
80%
0.325Mali
75%
0.260Chad
70%
0.263Eritrea
65%
0.296Burundi
60%
0.248Myanmar
45%
0.314Venezuela
45%
0.298Cameroon
40%
0.318Equatorial Guinea
40%
0.335Tajikistan
35%

Score Distribution

Percentile by Number Answered

Percent of People with Each Score

Your Score History

You have not taken this quiz